Progress in organic chemistry / (Record no. 10396)
[ view plain ]
| 000 -LEADER | |
|---|---|
| fixed length control field | 01052cas a22003251 4500 |
| 001 - CONTROL NUMBER | |
| control field | 10396 |
| 003 - CONTROL NUMBER IDENTIFIER | |
| rucl marc code | BD-RjUL |
| 005 - DATE AND TIME OF LATEST TRANSACTION | |
| control field | 20211208234939.0 |
| 008 - FIXED-LENGTH DATA ELEMENTS--GENERAL INFORMATION | |
| fixed length control field | 140123s1955 nyuau 0 1 a0eng |
| 035 ## - SYSTEM CONTROL NUMBER | |
| System control number | (BD-RjUL)10444 |
| -- | (OCoLC)ocm01762967 |
| 040 ## - CATALOGING SOURCE | |
| Original cataloging agency | DLC |
| Language of cataloging | eng |
| Transcribing agency | MnMULS |
| Modifying agency | BD-RjUL |
| 041 ## - LANGUAGE CODE | |
| Language code of text/sound track or separate title | eng |
| 060 00 - NATIONAL LIBRARY OF MEDICINE CALL NUMBER | |
| Classification number | W1 |
| Item number | PR6766 |
| 082 04 - DEWEY DECIMAL CLASSIFICATION NUMBER | |
| Classification number | 547 |
| Author mark and year | PRO 1955 |
| 245 10 - TITLE STATEMENT | |
| Title | Progress in organic chemistry / |
| Statement of responsibility, etc. | J. W. Cook |
| 260 ## - PUBLICATION, DISTRIBUTION, ETC. (IMPRINT) | |
| Place of publication, distribution, etc. | London : |
| Name of publisher, distributor, etc. | Butter Worths Scientific , |
| Date of publication, distribution, etc. | 1955. |
| 300 ## - PHYSICAL DESCRIPTION | |
| Pagination | viii, 273 p. : |
| Size | 25 cm. |
| Illustrations | ill. ; |
| 490 1# - SERIES STATEMENT | |
| Series statement | Progress series |
| 504 ## - BIBLIOGRAPHY, ETC. NOTE | |
| Bibliography, etc | Includes index. |
| 505 ## - FORMATTED CONTENTS NOTE | |
| Formatted contents note | vol. 1 -- v. 2 -- v. 3 -- |
| 650 #0 - SUBJECT ADDED ENTRY--TOPICAL TERM | |
| Topical term or geographic name as entry element | Chemistry, Organic. |
| 9 (RLIN) | 32134 |
| Topical term or geographic name as entry element | Chemistry, Technical. |
| 9 (RLIN) | 32135 |
| 700 1# - ADDED ENTRY--PERSONAL NAME | |
| Personal name | Cook, James Wilfred |
| Dates associated with a name | 1900- |
| Relator term | ed. |
| 776 08 - ADDITIONAL PHYSICAL FORM ENTRY | |
| Relationship information | Online version: |
| Title | Progress in organic chemistry |
| Record control number | (OCoLC)562925739 |
| Relationship information | Online version: |
| Title | Progress in organic chemistry |
| Record control number | (OCoLC)605951544 |
| 830 #0 - SERIES ADDED ENTRY--UNIFORM TITLE | |
| Uniform title | Progress series (London, England) |
| 942 ## - ADDED ENTRY ELEMENTS (KOHA) | |
| Source of classification or shelving scheme | Dewey Decimal Classification |
| Koha item type | Books |
| Lost status | Source of classification or shelving scheme | Damaged status | Not for loan | Collection code | Permanent Location | Current Location | Shelving location | Date acquired | Source of acquisition | Cost, normal purchase price | Total Checkouts | Full call number | Date last seen | Copy number | Koha item type |
|---|---|---|---|---|---|---|---|---|---|---|---|---|---|---|---|
| Dewey Decimal Classification | Not For Loan | Non-fiction | Central Library, University of Rajshahi | Central Library, University of Rajshahi | Reading Room | 05/02/2058 | B.H. Blackwell | 4.70 | 547 PRO V-3 1955 | 23/01/2014 | C-1 | Books | |||
| Dewey Decimal Classification | Not For Loan | Non-fiction | Central Library, University of Rajshahi | Central Library, University of Rajshahi | Reading Room | 18/01/1958 | B.H. Black well | 2.10 | 547 PRO V-1 1952 | 17/05/2017 | C-1 | Books | |||
| Dewey Decimal Classification | Not For Loan | Non-fiction | Central Library, University of Rajshahi | Central Library, University of Rajshahi | Reading Room | 18/01/1958 | B.H. Black well | 2.10 | 547 PRO V-2 1953 | 17/05/2017 | C-1 | Books |